| 000 | 01847cam a22005298i 4500 | ||
|---|---|---|---|
| 001 | sjds19591803 | ||
| 003 | sjds | ||
| 005 | 20180328220654.0 | ||
| 008 | 170406s2017 mau a 000 1 eng c | ||
| 010 | _a 2017010583 | ||
| 020 | _a9781632890276 (pbk.) | ||
| 040 |
_aNJQ/DLC _beng _erda _cNJQ _dDLC |
||
| 041 | 1 |
_aeng _aspa _heng |
|
| 042 |
_alcac _apcc |
||
| 050 | 1 | 0 |
_aPZ73 _b.M3728 2017 |
| 082 | 0 | 4 |
_a[E] _223 |
| 100 | 1 |
_aMcQuinn, Anna, _eauthor. |
|
| 240 | 1 | 0 | _aLulu loves flowers |
| 245 | 1 | 0 |
_aLola planta un jardÃn = _bLola plants a garden / _cAnna McQuinn ; ilustrado por Rosalind Beardshaw. |
| 246 | 3 | 1 | _aLola plants a garden |
| 250 | _aFirst bilingual edition. | ||
| 260 |
_aWatertown, MA : _bCharlesbridge, _c2017 |
||
| 264 | 1 |
_aWatertown, MA : _bCharlesbridge, _c2017. |
|
| 300 | _apages cm | ||
| 336 |
_atext _2rdacontent |
||
| 336 |
_astill image _2rdacontent |
||
| 337 |
_aunmediated _2rdamedia |
||
| 338 |
_avolume _2rdacarrier |
||
| 500 | _a"First published in the United Kingdom in 2014 by Alanna Books." | ||
| 500 | _aTranslated by Carlos E. Calvo. | ||
| 520 | _aLola plants a flower garden with her parent's help, and watches it grow. | ||
| 546 | _aText in English and Spanish. | ||
| 650 | 0 |
_aFlower gardening _vJuvenile fiction. |
|
| 650 | 0 |
_aAfrican American girls _vJuvenile fiction. |
|
| 650 | 0 |
_aAfrican American families _vJuvenile fiction. |
|
| 650 | 1 |
_aFlowers _vFiction. |
|
| 650 | 1 |
_aGardening _vFiction. |
|
| 650 | 1 |
_aAfrican Americans _vFiction. |
|
| 650 | 1 |
_aFamily life _vFiction. |
|
| 650 | 1 |
_aSpanish language materials _xBilingual. |
|
| 700 | 1 |
_aBeardshaw, Rosalind, _eillustrator. |
|
| 700 | 1 |
_aCalvo, Carlos E., _etranslator. |
|
| 700 | 1 | 2 |
_aMcQuinn, Anna. _tLola plants a garden. |
| 700 | 1 | 2 |
_aMcQuinn, Anna. _tLola plants a garden. _lSpanish. |
| 942 | _cBK | ||
| 999 |
_c19417 _d19417 |
||